000 00235nam a2200097Ia 4500
008 190216s9999||||xx |||||||||||||| ||und||
100 _aNull
245 0 _aHindi-Hindi Kahani Book Naye Drishti
260 _bSamayik Prakashan
942 _cBK
999 _c17517
_d17517